| 000 | 005950000a22001810004500 | ||
|---|---|---|---|
| 003 | MACL | ||
| 005 | 20160525111753.0 | ||
| 008 | 160525b xxu||||| |||| 00| 0 eng d | ||
| 040 |
_aMACL _cMACL |
||
| 041 | _aHindi | ||
| 082 | _a891.433 DAU | ||
| 100 |
_aड़यूमा, एलेक्जेन्डर _959269 |
||
| 245 |
_aकाला फूल _cएलेक्जेन्डर ड़यूमा |
||
| 260 |
_bसजल पब्लिशर्स _c2008 _aनई दिल्ली |
||
| 350 | _a150 | ||
| 650 |
_aNovel _959270 |
||
| 942 |
_cHIN _k891.433/DAU/N _2ddc |
||
| 999 |
_c9955 _d9955 |
||